000
00254nam a22001097a 4500
008
160511b xxu||||| |||| 00| 0 eng d
020
_a
0903880458
041
_a
eng
080
_a
316.77
245
_a
Standing on earth:
_c
jonathon Porritt;
942
_2
udc
_c
BK
999
_c
2042
_d
2042